[Event "TUR-chT"]
[Site "Konya"]
[Date "2019.07.21"]
[Round "6.5"]
[White "Firouzja, Alireza"]
[Black "Yilmaz, Mustafa"]
[Result "1-0"]
[WhiteElo "2685"]
[BlackElo "2618"]
[Annotator "Firouzja,A"]
[PlyCount "75"]
[EventDate "2019.07.17"]
[EventType "team-tourn"]
[EventRounds "13"]
[EventCountry "TUR"]
[SourceTitle "CBM 191 Extra"]
[Source "ChessBase"]
[SourceDate "2019.09.30"]
[SourceVersion "1"]
[SourceVersionDate "2019.09.30"]
[SourceQuality "1"]
[WhiteTeam "Tatvan Satranc Egitimi"]
[BlackTeam "Besiktas Jimnastik"]
[WhiteTeamCountry "TUR"]
[BlackTeamCountry "TUR"]

{[%evp 0,75,19,38,40,41,66,66,57,33,33,38,58,36,35,35,35,-10,-1,-9,10,18,21,17,
78,22,23,47,34,-10,16,22,54,-69,-73,-34,51,70,83,50,49,49,114,119,107,123,128,
130,173,181,145,158,145,187,241,141,143,122,125,177,157,192,188,109,109,99,125,
108,130,143,277,279,276,287,289,307,301,293]} {This was a very important match,
as we were playing against one of the favourites. My opponent is the Turkish
number 1.} 1. e4 c5 2. Nf3 d6 3. d4 cxd4 4. Nxd4 Nf6 5. Nc3 a6 6. f4 {An
ancient line, leading to a very complicated game.} e5 7. Nf3 Nbd7 8. a4 Be7 9.
Bc4 Qa5 $5 {A very strong move. My opponent had already played this line
before, so I was prepared for it.} 10. Qe2 O-O 11. O-O b5 12. Nd5 $1 {Still
preparation.} Nxd5 (12... bxc4 $5 13. Nxe7+ Kh8 14. Nf5 Bb7 15. Ng5 h6 16. Ra3
$16) 13. Bxd5 Rb8 $1 (13... Bb7 $6 {This is what I was hoping for:} 14. Bxb7
Qb6+ 15. Nd4 $3 Qxb7 16. Nf5 $40) 14. Be3 $5 {Threatening Ba7.} bxa4 15. fxe5
dxe5 16. b3 $5 {I was very proud this move. Now the b2 pawn is not weak
anymore.} (16. Ng5 Bxg5 17. Bxg5 Qc5+ 18. Qf2 Qxf2+ 19. Rxf2 Nf6 $1 20. Bxf6
gxf6 21. Rxf6 Rxb2 $11) 16... a3 17. Ng5 Bxg5 18. Bxg5 Bb7 (18... Qc5+ 19. Qf2
Qxf2+ 20. Rxf2 Nf6 21. Bxf6 gxf6 22. Rxf6 $18 {- the b2 pawn is not hanging
like in the previous line.}) 19. Be7 Bxd5 20. Bxf8 Qb6+ 21. Kh1 Bb7 22. Bxa3
$16 Nf6 23. Bb2 Nxe4 24. Ra4 $5 {Now all the pieces are in the game.} Qg6 25.
Rb4 Qc6 26. Rc4 Qd5 27. Rc7 f6 28. c4 Qd6 29. Rxb7 Rxb7 30. Qxe4 Rxb3 31. Qc2
Qd3 32. Qxd3 Rxd3 33. c5 $18 Rd2 34. Ba3 Rd3 $2 (34... Rc2 {was the last
chance:} 35. Rc1 Rxc1+ 36. Bxc1 Kf7 37. c6 Ke8 38. Ba3 Kd8 39. Bd6 $18) 35. c6
Rd8 (35... Rxa3 36. Rc1 Rb3 37. c7 $18) 36. c7 Rc8 37. Bd6 Kf7 38. Bxe5 {
And our team won a very critical match!} 1-0

[Event "Rostock-10 GM Group"]
[Site "Rostock"]
[Date "1984.08.19"]
[Round "9"]
[White "Tseshkovsky, Vitaly"]
[Black "Bernard, Ryszard"]
[Result "1/2-1/2"]
[WhiteElo "2505"]
[BlackElo "2375"]
[Annotator "Ftacnik,L"]
[PlyCount "104"]
[EventDate "1984.08.11"]
[EventType "tourn"]
[EventRounds "9"]
[EventCountry "DDR"]
[EventCategory "8"]
[SourceTitle "MCL"]
[Source "ChessBase"]
[SourceDate "1999.07.01"]
[SourceVersion "1"]
[SourceVersionDate "1999.07.01"]
[SourceQuality "1"]

1. e4 c5 2. Nf3 d6 3. d4 cxd4 4. Nxd4 Nf6 5. Nc3 a6 6. f4 e5 7. Nf3 Qc7 8. a4
Nbd7 9. Bd3 b6 10. O-O Bb7 11. Qe2 (11. Kh1 $6 g6 12. Qe1 Bg7 13. Qh4 h6 14.
fxe5 dxe5 15. Bd2 (15. Be3)) 11... g6 12. Kh1 Bg7 13. fxe5 dxe5 14. Bc4 (14.
Bg5 O-O $10) 14... O-O 15. Bg5 h6 16. Bxf6 Nxf6 17. Nh4 Kh7 18. Rf3 b5 19. Bd3
b4 20. Na2 Qe7 21. Raf1 Nh5 22. g3 Bc8 23. Qe1 a5 24. Nc1 Bg4 25. R3f2 Be6 26.
Ng2 Nf6 27. Ne2 Rfd8 28. Ne3 Rac8 29. Rf3 h5 30. Ng2 Nd7 31. b3 Nc5 32. Bc4
Bxc4 33. bxc4 f6 34. g4 Nxe4 35. gxh5 Nd2 36. hxg6+ Kg8 37. Ne3 Nxf3 38. Rxf3
Qb7 39. Kg2 Qe4 40. Ng3 Qd4 41. Rf2 Rxc4 42. Nxc4 Qxc4 43. Qe2 Qxe2 44. Rxe2
Rd4 45. h3 Bf8 46. Nf5 Rd1 47. h4 Bc5 48. Kh3 Rh1+ 49. Kg4 Rg1+ 50. Kh5 Rf1 51.
Ng3 Rf3 52. Ne4 Rf5+ 1/2-1/2

[Event "EU-ch 2nd"]
[Site "Ohrid"]
[Date "2001.06.12"]
[Round "11"]
[White "Fedorchuk, Sergey A"]
[Black "Jobava, Baadur"]
[Result "0-1"]
[WhiteElo "2503"]
[BlackElo "2543"]
[Annotator "Ftacnik,L"]
[PlyCount "70"]
[EventDate "2001.06.01"]
[EventType "swiss"]
[EventRounds "13"]
[EventCountry "YUG"]
[SourceTitle "CBM 084"]
[Source "ChessBase"]
[SourceDate "2001.09.13"]
[SourceVersion "1"]
[SourceVersionDate "2001.09.13"]
[SourceQuality "1"]

1. e4 c5 2. Nf3 d6 3. d4 Nf6 4. Nc3 cxd4 5. Nxd4 a6 6. f4 e5 7. Nf3 Nbd7 8. Bd3
Be7 9. O-O O-O 10. Kh1 b5 11. a4 bxa4 (11... b4 12. Nd5 Nxd5 13. exd5 exf4 14.
Bxf4 Nc5 15. Nd4 Bf6 16. Nc6 Qc7 17. Qf3 Bxb2 18. Rae1 Bd7 19. Bxh7+ Kxh7 20.
Qh5+ Kg8 21. Ne7# {1-0 Veroci,Z-Pilarska,C/Hajduszoboszlo/1991/ (21)}) 12. Qe1
Bb7 13. Rxa4 (13. Nxa4 Re8 14. Nc3 Nc5 $11) 13... Nc5 14. Ra1 exf4 15. Bxf4 d5
16. e5 (16. exd5 Nxd3 17. cxd3 Nxd5 18. Nxd5 Bxd5 $11) 16... Nfe4 17. Nd4 Bg5
$1 {Black choses the right strategy of fighting for the central control.} (
17... Bh4 18. Qe2 Nxc3 19. bxc3 Re8 20. Qg4 $14) 18. Nf5 (18. Bxe4 Nxe4 19.
Bxg5 Qxg5 20. Rf5 Qh6 $11) 18... Bxf4 19. Rxf4 Qg5 20. Qf1 $6 (20. Rf1 Nxc3 21.
bxc3 d4 22. Ng3 $11) 20... Ne6 21. Rh4 (21. Rf3 Nd2 22. Rh3 $1 Nxf1 (22... g6
23. Qf2 $14) 23. Ne7+ Qxe7 24. Bxh7+ Kh8 25. Bf5+ $11) 21... Nd4 (21... Nxc3
22. bxc3 a5 23. Rh3 $13) 22. Rf4 (22. Nxd4 $2 Qxh4 $19) 22... Ne6 23. Rh4 Rac8
24. Bxe4 (24. Rh3 Nf4 $1 25. Ne7+ Qxe7 26. Qxf4 f5 $1 $15) 24... dxe4 25. Re1
$6 {This modest move is not good enough, black was already close to creating
lots of prolems for white.} (25. Nxe4 Bxe4 26. Rxe4 Rxc2 27. b4 Qd2 28. Rg4 f6
$1 $15) 25... Nd4 26. Rf4 (26. Nxd4 Qxh4 27. Nf5 Qg5 28. Nd6 Rc7 $19) 26... Nf3
$1 27. gxf3 (27. Ne7+ Qxe7 28. gxf3 exf3 29. Qf2 Rc5 $19) 27... Qxf4 28. Nd6
exf3 $5 (28... Rc7 29. Nxb7 Rxb7 30. Rxe4 Qf5 $17) 29. Nxb7 (29. Nxc8 $2 f2+
$19) 29... f2 30. Ra1 Rb8 31. Nc5 (31. Nd6 Rxb2 32. Nce4 Rxc2 $19) 31... Rxb2 {
White pieces are scattered and his pawns are falling down like ripe apples.}
32. Nd3 (32. Qd3 Rxc2 33. Rf1 Rc1 $19) (32. N5a4 Rxc2 $19) 32... Qf3+ 33. Qg2
f1=Q+ $1 34. Rxf1 Qxg2+ 35. Kxg2 Rxc2+ (35... Rxc2+ 36. Rf2 Rxc3 $19) 0-1

[Event "Interzonal-14a"]
[Site "Subotica"]
[Date "1987.??.??"]
[Round "13"]
[White "Prasad, Devaki V"]
[Black "Tal, Mihail"]
[Result "1-0"]
[WhiteElo "2425"]
[BlackElo "2605"]
[Annotator "Ftacnik,L"]
[PlyCount "79"]
[EventDate "1987.06.??"]
[EventType "tourn"]
[EventRounds "17"]
[EventCountry "YUG"]
[EventCategory "11"]
[SourceTitle "CBM 003"]
[Source "ChessBase"]
[SourceDate "1988.04.01"]
[SourceVersion "1"]
[SourceVersionDate "1988.04.01"]
[SourceQuality "1"]

1. e4 c5 2. Nf3 d6 3. d4 cxd4 4. Nxd4 Nf6 5. Nc3 a6 6. f4 Nbd7 7. a4 g6 8. Bd3
Bg7 9. Nf3 O-O 10. O-O Qc7 11. Qe1 e5 12. Kh1 b6 13. Qh4 Bb7 14. fxe5 dxe5 15.
Bh6 Nh5 16. Bxg7 Kxg7 17. Ng5 Ndf6 18. Rf3 Qe7 $6 (18... Rad8 $1 {/\ Rd4<=> ><
a4, e4 Tal,M}) (18... h6) 19. Raf1 {/\ 20.Nh7 Kh7 21.Rf6 (/\ g4) Kg7 22.Rg6!+-}
h6 20. Nh3 Bc8 (20... g5 $2 21. Nxg5 hxg5 22. Qxg5+ {/\ Rf6+-}) 21. Be2 $1 Nd5
(21... Be6 22. g4 Nf4 $8 (22... Bxg4 23. Rxf6 $1 Nxf6 (23... Bxe2 24. Rxg6+)
24. Bxg4 $18) (22... g5 23. Nxg5 Bxg4 $8 24. Rg1 $3 Kh8 (24... Bxf3+ 25. Nxf3+
Kh8 (25... Kh7 26. Ng5+ $1 Kh8 (26... hxg5 27. Rxg5 {/\ 28.Rh5, 28.Bh5+-}) 27.
Bxh5 hxg5 $8 (27... Nh7 28. Nf3 $18) 28. Rxg5 $1 {/\ Bg6} Nh7 $8 29. Rg8+ $1
$18) 26. Nd5 $1 Nxd5 (26... Qd6 27. Nxf6 Qxf6 28. Qxh5 $18) (26... Qe6 27. Nxf6
Nxf6 28. Qxh6+ Nh7 29. Qg7#) 27. Qxh5 $18) (24... hxg5 25. Qxg5+ Kh7 26. Rxf6
Nxf6 (26... Qxf6 27. Qxg4 $18) 27. Rxg4 $1 $18) 25. Rxf6 Qxf6 $8 26. Rxg4 $18)
23. Nxf4 exf4 24. g5 hxg5 25. Qxg5 {/\ Rf4+/-}) 22. Qf2 {>< b6} Nxc3 23. Rxc3
Bxh3 24. Bxh5 $1 (24. Rxh3 Nf4 $132) 24... Bd7 (24... Be6 25. Be2 b5 26. axb5
axb5 27. Bxb5 Rab8 28. Rc5 (28. Qc5 $4 Qxc5 29. Rxc5 Rxb5 $19) 28... Rxb5 29.
Rxb5 Bc4 30. Rd5 Bxf1 31. Qxf1 Qb4 32. Rxe5 Qxb2 33. Re7 $10 {Tal,M}) 25. Be2
b5 (25... Bxa4 26. Qxb6 Rfb8 27. Qa5 $14) 26. Rd1 $1 {/\ Rc7} Rfc8 27. Rxc8
Bxc8 (27... Rxc8 28. Qa7 Rxc2 29. Bf1 {>< d7} bxa4 30. Qxd7 Qxd7 31. Rxd7 Rxb2
32. Rd3 Rb1 33. Kg1 Re1 34. Ra3 Rxe4 35. Bxa6 Rb4 $10 {Tal,M}) 28. axb5 axb5
29. Bxb5 Qb4 30. Bc6 $1 Ra6 $8 (30... Bb7 31. Rf1 Rf8 (31... Bxc6 32. Qxf7+ Kh8
33. Qf6+ {/\ Qc6+-}) 32. Bxb7 Qxb7 33. Qf6+ {/\ Qe5+-}) 31. Rf1 $1 f5 (31...
Be6 32. Qf6+ Kh7 $1 (32... Kg8 33. Bd5 Bxd5 34. Qd8+ {/\ Qd5+-}) 33. Bd5 (33.
Bd7 $2 Bc4) 33... Bxd5 34. Qxa6 Qxe4 35. Rf2 $16) 32. Bd5 $1 (32. c3 $2 Qb6 $1
$10) 32... f4 (32... Qxb2 33. Qc5 $18) 33. c3 Qe7 34. b4 Be6 35. b5 Ra3 36.
Bxe6 Qxe6 37. Qc5 $18 Rb3 (37... Ra2 38. b6 Rb2 39. Qc7+ $18) 38. Ra1 h5 $8 39.
h3 (39. Ra7+ Kh6 40. Qf8+ Kg5 41. Qd8+ Kg4 42. h3+ Kg3 43. Qg5+ Qg4 $3 $17 {
Tal,M}) 39... Qf6 (39... f3 40. Ra7+ Kg8 (40... Kh6 41. Qe3+ g5 42. Ra6 $18)
41. Ra8+ Kh7 $8 42. Qa7+ Kh6 43. Rh8+ Kg5 44. Qe3+ Kf6 45. Qxf3+ $18) (39...
Qe8 $5 $16 {Tal,M}) 40. Ra6 (40. Ra6 Qg5 41. Ra7+ Kh6 42. Qf8#) (40. Ra6 Qh4
41. Ra7+ Kh6 42. Qf8+ Kg5 43. Qe7+) 1-0

[Event "NED-ch54"]
[Site "Rotterdam "]
[Date "1999.06.05"]
[Round "7"]
[White "Reinderman, Dimitri"]
[Black "Van Wely, Loek"]
[Result "1-0"]
[WhiteElo "2541"]
[BlackElo "2632"]
[Annotator "Ftacnik,L"]
[PlyCount "65"]
[EventDate "1999.05.29"]
[EventType "tourn"]
[EventRounds "11"]
[EventCountry "NED"]
[EventCategory "12"]
[SourceTitle "CBM 072"]
[Source "ChessBase"]
[SourceDate "1999.10.01"]
[SourceVersion "1"]
[SourceVersionDate "1999.10.01"]
[SourceQuality "1"]

1. e4 c5 2. Nf3 d6 3. d4 cxd4 4. Nxd4 Nf6 5. Nc3 a6 6. f4 e5 7. Nf3 Nbd7 8. a4
Be7 9. Bd3 O-O 10. O-O Qc7 11. Kh1 exf4 12. Bxf4 Ne5 13. Bg5 Be6 14. Nxe5 dxe5
15. Bxf6 (15. Qf3 Rad8 16. Rae1 Ne8 17. Qg3 Bxg5 18. Qxg5 f6 19. Qh4 (19. Qe3
$142) 19... Rd4 $1 $15 {0-1 Maciejewski,M-Kempinski,R/Sopot 1997/ (50)}) 15...
Bxf6 16. Rxf6 gxf6 17. Qh5 Kg7 18. Rf1 Rh8 19. Nd5 Bxd5 20. exd5 Qd6 $6 {
In this amazing line white sacrifices the exchange for the good attacking
chances. Black must play very well to avoid problems, despite his bonus of
extra material.} (20... Rad8 21. c4 a5 22. Qg4+ Kf8 23. Rxf6 Rg8 $13) 21. c4 a5
22. Qg4+ Kf8 23. Qh4 Ra6 (23... Ke7 24. c5 Qxd5 25. Qxf6+ Kd7 26. Bb5+ Kc7 27.
Qe7+ Kb8 28. c6 bxc6 29. Bxc6 Qxc6 30. Qxe5+ $18) (23... Kg7 24. c5 Qd8 25. d6
$14) 24. c5 Qxd5 (24... Qxc5 $2 25. Bxa6 bxa6 26. Qxf6 $18) 25. Bc4 $1 {
[%mdl 128] The attack has a value of its own, white fights for the chance to
play Qxf6 with devastating effect.} (25. Bxa6 bxa6 26. Qxf6 Rg8 27. Qd6+ Qxd6
28. cxd6 Rg4 $13) 25... Qc6 (25... Qd8 26. Bxa6 bxa6 27. Qh6+ Ke8 28. Qxf6 Qxf6
29. Rxf6 Kd7 30. h4 Rb8 31. Rxf7+ Kc6 32. Rxh7 Kxc5 33. Rh6 Rb4 34. Kh2 Rxa4
35. Kg3 $16) 26. Qh5 Ke7 27. Qxf7+ Kd8 28. Bxa6 bxa6 29. h3 Kc8 30. Rxf6 Qxc5
31. Qe6+ Kc7 32. Rf7+ Kb8 33. Qxa6 1-0

[Event "POL-ch 62nd"]
[Site "Poznan"]
[Date "2005.05.02"]
[Round "11"]
[White "Warakomski, Tomasz"]
[Black "Szelag, Marcin"]
[Result "1/2-1/2"]
[WhiteElo "2384"]
[BlackElo "2497"]
[Annotator "Ftacnik,L"]
[PlyCount "125"]
[EventDate "2005.04.21"]
[EventType "tourn"]
[EventRounds "13"]
[EventCountry "POL"]
[EventCategory "12"]
[SourceTitle "CBM 107"]
[Source "ChessBase"]
[SourceDate "2005.08.01"]
[SourceVersion "1"]
[SourceVersionDate "2005.08.01"]
[SourceQuality "1"]

1. e4 c5 2. Nf3 d6 3. d4 cxd4 4. Nxd4 Nf6 5. Nc3 a6 6. f4 e5 7. Nf3 Qc7 8. Bd3
Be7 9. O-O O-O 10. Kh1 b5 11. fxe5 dxe5 12. Bg5 {White is ready to play a bit
simplistic pawn structure in order to get pieces out as quickly as possible.} (
12. Qe2 Nbd7 13. Nh4 Re8 14. Nf5 Bf8 15. Qf3 Bb7 16. Bg5 b4 17. Nd1 Re6 18.
Nde3 Nc5 19. Nh6+ Kh8 20. Nd5 {1-0 Farago,S-Dudas,J/Budapest 1998/ (31)}) 12...
Nbd7 (12... Be6 13. Qe1 Nbd7 14. Qg3 Rfe8 15. Nd5 Bxd5 16. exd5 Bd6 17. Bh6 g6
18. Qh4 e4 19. Bg5 exd3 20. Bxf6 Nxf6 21. Qxf6 dxc2 {1/2-1/2 Sisniega,
M-Morales,H/Mexico 1978/ (40)}) 13. Nh4 (13. Qe1 Bb7 14. Nd5 Nxd5 15. exd5 f6
16. Qh4 g6 17. Bh6 Rf7 18. Qg3 f5 19. Nd4 Bxd5 20. Nxf5 Nf6 21. Rae1 Re8 {
0-1 Pedersen,E-Pachman,L/Marianske Lazne 1951/ (41)}) 13... g6 {Szelag
understands, that black position is very solid and f7 weakness can be
protected despite white's pressure along the f file.} (13... Nb6 14. Nf5 Bxf5
15. Rxf5 b4 16. Ne2 Na4 17. Rb1 Nc5 18. Bxf6 Bxf6 19. Rf3 Rfd8 20. Ng3 {
1/2-1/2 Akmal,M-Stull,N/Thessaloniki 1984/ (28)}) 14. Bh6 Re8 15. Qf3 Bb7 16.
g4 (16. a3 Bc5 17. Nf5 Bd4 18. Ne3 Bxc3 19. bxc3 Re6 20. c4 $14) 16... Bf8 17.
Bd2 (17. g5 Bxh6 18. gxh6 b4 19. Nd1 Re6 $15) 17... Re7 (17... b4 18. Ne2 h6
19. g5 hxg5 20. Bxg5 Re6 $11) 18. Rae1 (18. Ng2 $5 b4 19. Ne2 a5 20. g5 $14)
18... Bg7 19. g5 Ne8 20. Ng2 f5 $1 {Typical advance of the f pawn usually
makes defenders life much easier and constrained pieces tend to spring into
life.} 21. gxf6 (21. Qe2 Nd6 22. exf5 gxf5 23. Bxf5 Nxf5 24. Rxf5 Rf8 25. Rxf8+
Nxf8 $44) 21... Nexf6 22. Qh3 Rf8 (22... Nc5 23. Bg5 Rf8 $15) 23. Ne3 Nc5 24.
Rxf6 $5 {Original exchange combination, Warakomski is getting rid of few
pieces as black's activity was becoming a bit threatening.} (24. Ned5 Nxd5 25.
Nxd5 Rxf1+ 26. Rxf1 Bxd5 27. exd5 Qd7 $15) 24... Bxf6 25. Ned5 Qd6 26. Bh6 Rff7
(26... Bg7 27. Nxe7+ Qxe7 28. Bxg7 Kxg7 29. Qg3 $15) 27. Nxe7+ Bxe7 28. a3 Bf8
(28... Nxd3 29. Qxd3 Qxd3 30. cxd3 Bh4 $15) 29. Bg5 (29. Bxf8 Qxf8 30. Rg1 Rf2
31. b4 Nxd3 32. cxd3 Qf7 $15) 29... Ne6 30. Be3 Nf4 $1 {Very good idea, white
has to give up the dark squared bishop and his position becomes critical.} 31.
Bxf4 (31. Qf1 Nd5 32. Qg2 Nxc3 33. bxc3 Qxa3 $19) 31... exf4 32. Qf3 Bg7 33. a4
$1 (33. Nd1 Rd7 34. Rf1 Be5 $17) 33... Qb4 34. axb5 axb5 (34... Qxb2 35. Nd5
axb5 36. c4 Qe5 37. Rf1 bxc4 38. Bxc4 Kh8 $17) 35. Bf1 Qxb2 (35... Be5 36. Re2
Qxb2 37. Nd5 Qc1 $17) 36. Nxb5 {White has managed to exchange black pawns on
the queenside and his survival chances have shot up.} Qb4 (36... Bc6 37. Nd6
Rf6 38. Nc4 Qxc2 39. Ne5 Be8 $15) 37. c3 Qc5 38. Rd1 Be5 (38... Bf8 39. Nd4 Qe5
40. Bd3 $15) 39. Nd4 Re7 (39... h6 40. Bh3 Kh8 $15) 40. Bg2 h5 (40... Bc7 41.
Re1 Qe5 $15) 41. Qh3 Kh7 42. Qd3 Kh6 43. Bf3 Bc8 44. Rb1 Bb7 (44... Ra7 45. Qd2
$13) 45. Rb5 Qd6 46. Kg2 $2 (46. Rb1 $11) 46... Kh7 $2 {Both players were
blissfully ignorant of the move 46...Ba6! promissing black excellent winning
chances.} (46... Ba6 $1 47. Nf5+ gxf5 48. Qxd6+ Bxd6 49. Rb6 Rg7+ 50. Kh1 (50.
Kf2 Rg6 $19) 50... Bb7 51. Rxd6+ Kg5 52. Re6 fxe4 53. Bxe4 Bxe4+ 54. Rxe4 f3
$19) 47. Rb4 Ba6 (47... Rd7 48. Kh1 Ba6 $15) 48. Qb1 Qc5 49. Qb3 Qc8 50. Rb6
Rb7 (50... Bc4 51. Qb4 Rc7 52. Qa5 Rc5 53. Qa7+ Rc7 $11) 51. Rxb7+ Qxb7 (51...
Bxb7 $2 52. Qf7+ Kh6 53. Ne6 $14) 52. Qxb7+ Bxb7 53. h4 $1 {[%mdl 4096] White
has spotted the chance of survival due to the "wrong" colour of the dark
squared bishop for the h pawn.} Bc8 (53... Kh6 54. Kf2 (54. Ne6 Bc8 55. Ng5
Bxc3 56. e5 Be1 57. Nh3 Bxh4 58. Nxf4 Kg5 $17) 54... Bf6 55. e5 $1 Bxh4+ 56.
Kg2 Bc8 57. Bd5 $15) 54. Be2 Bg4 (54... Kh6 55. Bc4 Bg4 56. Bd5 Bf6 57. Nf3
Bxc3 58. Ng5 Kg7 59. Nf3 $15) 55. Bf3 Kg7 (55... Kh6 56. Ne2 g5 57. hxg5+ Kxg5
58. c4 $15) 56. Ne2 Kf7 57. Nc1 $1 Bxc3 58. Nd3 Bxf3+ (58... Bd2 59. Bxg4 hxg4
60. Ne5+ Ke6 61. Nxg4 $11) 59. Kxf3 Bf6 60. Nxf4 Bxh4 61. Nxg6 $1 {White king
only has to reach h1 square and the fight is over.} Kxg6 62. Kg2 Bf6 63. e5
1/2-1/2

[Event "Rostock-10 GM Group"]
[Site "Rostock"]
[Date "1984.08.18"]
[Round "8"]
[White "Lanc, Alois"]
[Black "Tseshkovsky, Vitaly"]
[Result "1-0"]
[WhiteElo "2390"]
[BlackElo "2505"]
[Annotator "Ftacnik,L"]
[PlyCount "61"]
[EventDate "1984.08.11"]
[EventType "tourn"]
[EventRounds "9"]
[EventCountry "DDR"]
[EventCategory "8"]
[SourceTitle "MCL"]
[Source "ChessBase"]
[SourceDate "1999.07.01"]
[SourceVersion "1"]
[SourceVersionDate "1999.07.01"]
[SourceQuality "1"]

1. e4 c5 2. Nf3 d6 3. d4 cxd4 4. Nxd4 Nf6 5. Nc3 a6 6. f4 Qc7 7. Bd3 g6 8. Nf3
Bg7 9. a4 O-O 10. O-O Nc6 11. Qe1 Nb4 12. Kh1 Qd8 $6 (12... Qc5 13. Qh4 Qh5 14.
Qxh5 Nxh5 15. Be3 (15. Bd2 $6) 15... Bh6 16. Nd2 e5 17. g3 Bh3 $15) 13. Qh4 e6
14. f5 Nxd3 15. cxd3 Nd7 16. Bg5 f6 17. fxg6 hxg6 18. Be3 Ne5 19. d4 Nxf3 20.
gxf3 Bd7 21. Rg1 Be8 22. Rg3 g5 23. Qh3 e5 24. Rag1 Bd7 25. Qf1 Kh7 26. h4 exd4
27. Bxd4 Bh6 28. hxg5 fxg5 29. R1g2 g4 30. Rh2 Qg5 31. Nd5 1-0

[Event "Rubinstein Memorial 36th"]
[Site "Polanica Zdroj"]
[Date "1999.08.17"]
[Round "1"]
[White "Onischuk, Alexander"]
[Black "Kempinski, Robert"]
[Result "0-1"]
[WhiteElo "2657"]
[BlackElo "2549"]
[Annotator "Ftacnik,L"]
[PlyCount "68"]
[EventDate "1999.08.17"]
[EventType "tourn"]
[EventRounds "9"]
[EventCountry "POL"]
[EventCategory "15"]
[SourceTitle "CBM 073"]
[Source "ChessBase"]
[SourceDate "1999.12.01"]
[SourceVersion "1"]
[SourceVersionDate "1999.12.01"]
[SourceQuality "1"]

1. e4 c5 2. Nf3 d6 3. d4 cxd4 4. Nxd4 Nf6 5. Nc3 a6 6. f4 e5 7. Nf3 Nbd7 8. a4
Be7 9. Bd3 exf4 10. O-O O-O 11. Kh1 Ne5 12. Bxf4 Qc7 13. Nd4 Be6 (13... Qb6 14.
Be3 Qc7 (14... Neg4 15. Bg1 Qa5 16. Nf5 Bxf5 17. Rxf5 Ne5 18. Qe2 Rac8 19. Be3
Rfe8 20. Raf1 Qb4 {1/2-1/2 Mukhametov,E-Suchorukow,A/Orel/1992/ (24)}) 15. Bg5
Be6 16. Nf5 Bxf5 17. Rxf5 Qd8 18. Qd2 g6 19. Rff1 Rc8 20. Rad1 Rc5 {0-1
Kristjansson,B-Thorsteinsson,B/Reykjavik/1981/ (36)}) 14. Nce2 (14. Qe1 Rfe8 (
14... Ng6 15. Bd2 Rac8 16. Nf5 Rfe8 17. Bg5 Bd8 18. Qd2 Ng4 19. Bxd8 Qxd8 20.
Be2 Bxf5 21. Rxf5 Qh4 22. Bxg4 Qxg4 {1/2-1/2 Souleidis,G-Marten,G/BL2-W/1994/ 
(41)}) 15. Rd1 Bf8 (15... Rac8 16. Bc1 Nfd7 17. Qg3 Bf8 {1/2-1/2 Arnason,
J-Olafsson,H/Reykjavik/1984/ (17)}) 16. Bg5 Nfd7 17. Qg3 Qb6 18. Be2 Rac8 19.
Bc1 Nc5 20. Nf5 Qc6 21. Rxd6 Nxe4 22. Nxe4 Qxe4 {0-1 Arnason,J-Olafsson,H/
Reykjavik/1984/ (46)}) (14. Bg5 Rad8 15. Nf5 Bxf5 16. Rxf5 Neg4 17. h3 h6 18.
Bd2 Ne5 19. Rxf6 Bxf6 20. Nd5 Qd7 21. Nxf6+ gxf6 22. Bxh6 Rfe8 23. Qh5 Qe6 {
0-1 Sznapik,A-Mirkovic,S/Belgrade/1984/ (39)}) (14. Be3 Nc4 15. Bxc4 Qxc4 16.
Bg5 Rfe8 17. Qd2 Rac8 18. Rad1 Rc5 19. Nf5 Bxf5 20. exf5 h6 21. Rf4 {1-0
Kindermann,S-Spassov,L/Plovdiv/1984/ (52)}) 14... Rad8 15. Ng3 Ng6 (15... d5 $6
16. Nxe6 fxe6 17. exd5 Rxd5 18. Qe2 Bd6 19. Ne4 $14) 16. Bd2 (16. Qd2 Ng4 $1 (
16... Nxf4 17. Qxf4 Nd7 18. Nxe6 fxe6 19. Qg4 $16) 17. Ngf5 Bf6 $11) 16... Bg4
17. Be2 $6 (17. Qe1 d5 18. Ndf5 Rfe8 $13) 17... Bxe2 18. Qxe2 d5 $1 19. Bc3 Bd6
20. Rxf6 $6 {Onischuk had no positional reason to expect his attack being
successful, but have seen no legal chance for gaining advantage.} (20. Ndf5 Be5
21. Bxe5 Nxe5 22. exd5 Rxd5 23. Rad1 $11) 20... gxf6 21. Nh5 (21. Ndf5 Be5 22.
Qh5 Kh8 23. exd5 Rxd5 $19) 21... Be5 22. Rf1 Qc4 (22... dxe4 23. Nf5 (23. Qxe4
Qc4 24. Nxf6+ Bxf6 25. Rxf6 Rd6 $17) 23... Bxc3 24. bxc3 Qxc3 25. Nxf6+ Kh8 26.
Nxe4 Qe5 $17) 23. Qf2 (23. exd5 Qxe2 24. Nxe2 Rxd5 25. Bxe5 Rxe5 26. Nxf6+ Kg7
$17) 23... dxe4 24. Nxf6+ (24. Ne2 Qe6 $19) 24... Kh8 25. Ng4 f6 $1 {[%mdl 256]
Kempinski has to sidestep white's brilliant attacking idea, but now the
material will get the final say.} (25... Bxd4 $4 26. Qf6+ $3 Bxf6 27. Bxf6+ Kg8
28. Nh6#) 26. Ne2 (26. Nxe5 fxe5 27. Nf5 e3 28. Qf3 e2 $19) 26... Bxc3 27. Nxc3
f5 28. Ne3 (28. Nh6 f4 $19) 28... Qc5 29. g3 (29. Nxf5 e3 30. Qf3 Nh4 $19)
29... f4 30. gxf4 Rxf4 31. Qe2 Qe5 $1 (31... Rxf1+ 32. Nxf1 Re8 $17) 32. Re1
Rdf8 33. Nc4 Qe6 34. Rd1 (34. Nxe4 Rxe4 $1 35. Qxe4 Rf1+ 36. Kg2 Rxe1 $19)
34... Qh3 (34... Qh3 35. Kg1 Rg4+ 36. Kh1 Nf4 37. Qf2 Rg2 $19) 0-1